000 00420nmm a2200157Ia 4500
008 251105s9999||||xx |||||||||||||||||und||
020 _a9788446050339
041 _aspa
100 _aDomínguez, Iñaki
245 0 _aHomo relativus
264 _a[Madrid, España] :
_bAkal,
_c2021
300 _a408 páginas
650 _aPhilosophy, Ethics
856 _uhttps://public.digitaliapublishing.com/a/83797
942 _cCF
999 _c83254
_d83254